Vista normal Vista MARC

Entrada Genre/Form Term

Número de registros utilizados en: 1

001 - CONTROL NUMBER

  • control field: 43923

003 - CONTROL NUMBER IDENTIFIER

  • control field: OSt

005 - DATE AND TIME OF LATEST TRANSACTION

  • control field: 20241120105109.0

008 - FIXED-LENGTH DATA ELEMENTS

  • fixed length control field: 241120|| aca||aabn | a|a d

040 ## - CATALOGING SOURCE

  • Original cataloging agency: OSt
  • Transcribing agency: OSt

155 ## - HEADING--GENRE/FORM TERM

  • Genre/form term: Novelas sociales

670 ## - SOURCE DATA FOUND

  • Source citation: Work cat.: (OSt)38561: Rincon Parra, Yormary 1964- autor 43916, Música para un bolero :









Instituto Departamental de Cultura del Meta - Red Departamental de Bibliotecas Públicas del Meta.